| 000 | 00521nam a22001577a 4500 | ||
|---|---|---|---|
| 003 | macl | ||
| 005 | 20250411145335.0 | ||
| 008 | 250411b |||||||| |||| 00| 0 eng d | ||
| 040 | _cmacl | ||
| 082 | _a800/DIN | ||
| 100 | _aरामधारी सिंह दिनकर | ||
| 245 | _aसंस्कृति के चार अध्याय | ||
| 260 |
_aप्रयागराज _bलोकभारती पेपरबैक्स _c2022 |
||
| 650 | _aरचनावली | ||
| 942 |
_2ddc _cHIN |
||
| 999 |
_c67885 _d67885 |
||